| 000 | 00805cam a2200145 4500500 | ||
|---|---|---|---|
| 005 | 20260426010550.0 | ||
| 041 | _afre | ||
| 042 | _adc | ||
| 100 | 1 | 0 |
_aGeiser, Joël _eauthor |
| 245 | 0 | 0 | _aJean-Louis Bruguès, Précis de théologie morale générale ; tome 2 : « Anthropologie morale », vol. 1, Paris, Parole et silence, coll. « Essais de l’École cathédrale », 2002. 21 cm. 182 p. ISBN 2-84573-083-7. € 15 ; vol. 2, Bonheur, liberté, conscience, Paris, Parole et silence, 2003. 249 p. ISBN 2-84573-155-8. € 18 |
| 260 | _c2005. | ||
| 500 | _a16 | ||
| 786 | 0 | _nÉtudes théologiques et religieuses | 80 | 3 | 2005-09-01 | p. 431q-448q | 0014-2239 | |
| 856 | 4 | 1 | _uhttps://shs.cairn.info/revue-etudes-theologiques-et-religieuses-2005-3-page-431q?lang=fr&redirect-ssocas=7080 |
| 999 |
_c2222530 _d2222530 |
||